Представление документа в формате MARC21

Поле Инд. ПП Название Значение
Тип записи a
Библиографический уровень b
001 Контрольный номер RU/IS/BASE/443282891
005 Дата корректировки 20200610181723.9
084 a Индекс другой классификации/Индекс ББК 60.73-5; 65.24; 60.561.2
100 1_ a Автор Красинец Е. С.
q Полное имя Красинец Евгений Семенович
245 a Заглавие Проблема трудовой миграция и миграционная политика России
504 a Библиография Лит. в конце статьи
520 a Аннотация Проанализированы тенденции трудовой миграции в экономике России. Рассмотрены вопросы функционирования национального рынка труда как фактора, определяющего динамику спроса на использование иностранной рабочей силы. Охарактеризованы последствия трудовой миграции для рынка труда и сферы занятости населения. Даны оценки масштабам нелегальной миграции. Определен ряд проблем, связанных с проведением государственной политики в области регулирования привлечения иностранных работников. Предложены механизмы совершенствования управления трудовой миграцией и занятостью иностранных граждан в решении социально-экономических проблем страны.
650 a Основная рубрика демография
a Основная рубрика народонаселение
a Основная рубрика социология
a Основная рубрика экономика
a Основная рубрика экономика труда
a Основная рубрика экономическая социология
653 a Ключевые слова внешняя миграция
a Ключевые слова занятость мигрантов
a Ключевые слова иммиграция
a Ключевые слова иностранная рабочая сила
a Ключевые слова международная миграция
a Ключевые слова международное разделение труда
a Ключевые слова миграционная политика
a Ключевые слова миграция населения
a Ключевые слова население
a Ключевые слова нелегальная миграция
a Ключевые слова Россия
a Ключевые слова рынок труда
a Ключевые слова социально-экономическая трансформация
a Ключевые слова социально-экономическое развитие
a Ключевые слова теневая занятость
a Ключевые слова трудовая миграция (миграция рабочей силы)
773 t Заглавие источника Народонаселение
d Дата издания источника 2012
g Прочая информация № 2. - С. 28 - 35
w Контрольный № источника RU/IS/BASE/401474689
901 t Тип документа b